000 00699nam a2200241 i 4500
003 DO-SdBNP
005 20230818083246.0
006 a||||gr|||| 00| 0
007 ta
008 230817e1974 |||||||| |||| 00| 0 spa d
040 _aDO-SdBNP
_bspa
_cBNPHU
_erda
082 4 _222
_bS678e
110 1 _aSociedad Dominicana de Bibliófilo (República Dominicana)
_977483
_eautor
240 _a(Leyes, etc.)
245 1 0 _aEstatutos. /
264 1 _aSanto Domingo :
_b[sin editora],
_c1974
300 _a15 páginas :
_c14 cm.
336 _2rdacontent
_atexto
_btxt
337 _2rdamedia
_asin mediación
_bn
338 _2rdacarrier
_avolumen
_bnc
590 _aInventariado 2023 / MF
942 _2ddc
_cLF2
999 _c54449
_d54449